[Event "Karposh Open 2013"]
[Site "Skopje MKD"]
[Date "2013.03.16"]
[Round "9.67"]
[White "Steil-Antoni, Fiona"]
[Black "Peev, Kosta"]
[Result "1/2-1/2"]
[WhiteElo "2152"]
[BlackElo "1648"]
[PlyCount "100"]
[EventDate "2013.03.09"]
[EventType "swiss"]
[EventRounds "9"]
[EventCountry "MKD"]
[Source "lmi"]
[SourceDate "2013.03.09"]

1. e4 c5 2. c3 d5 3. exd5 Qxd5 4. d4 Nf6 5. Nf3 Bg4 6. dxc5 Qxd1+ 7. Kxd1 e5 8.
b4 e4 9. h3 Bh5 10. g4 Nxg4 11. hxg4 Bxg4 12. Nbd2 exf3 13. Bd3 Nc6 14. Re1+
Kd7 15. Nc4 f6 16. Bf4 g5 17. Bh2 Bg7 18. b5 Ne7 19. Kc2 Rac8 20. Rad1 Rxc5 21.
Rxe7+ Kxe7 22. Bd6+ Kf7 23. Bxc5 b6 24. Bb4 h5 25. Re1 Bf8 26. Bxf8 Kxf8 27.
Nd6 Bd7 28. Be4 g4 29. c4 h4 30. Kd2 Rh5 31. Bd3 g3 32. Ne4 g2 33. Nxf6 Rg5 34.
Nxd7+ Kf7 35. Be4 h3 36. Bxf3 g1=Q 37. Rxg1 Rxg1 38. Ke3 h2 39. Ne5+ Ke6 40.
Nc6 h1=Q 41. Bxh1 Rxh1 42. Nxa7 Kd6 43. Kd4 Rh4+ 44. Kc3 Kc5 45. Kb3 Rxc4 46.
a4 Rf4 47. Nc6 Rf3+ 48. Kb2 Rxf2+ 49. Kb3 Rf3+ 50. Kb2 Rf2+ 1/2-1/2

[Event "Karposh Open 2013"]
[Site "Skopje MKD"]
[Date "2013.03.16"]
[Round "9.78"]
[White "Tairi, Krenar"]
[Black "Orehek, Spela"]
[Result "1/2-1/2"]
[WhiteElo "1835"]
[BlackElo "2062"]
[PlyCount "64"]
[EventDate "2013.03.09"]
[EventType "swiss"]
[EventRounds "9"]
[EventCountry "MKD"]
[Source "lmi"]
[SourceDate "2013.03.09"]

1. e4 d5 2. exd5 Qxd5 3. Nc3 Qd6 4. d4 Nf6 5. Nf3 c6 6. h3 Bf5 7. Bd3 Bxd3 8.
Qxd3 Nbd7 9. Bd2 e6 10. O-O-O Be7 11. Rhe1 O-O-O 12. g3 Qc7 13. Bf4 Bd6 14.
Bxd6 Qxd6 15. a3 Qc7 16. Qe2 Kb8 17. Ne5 Rhf8 18. f4 Nb6 19. Ne4 Nfd5 20. Nc5
Nc8 21. Rd3 Ka8 22. Qf3 Nd6 23. Rb3 Nb6 24. a4 Ndc4 25. Nxc4 Nxc4 26. Qc3 Nd6
27. Qb4 Rb8 28. a5 Rfd8 29. Na4 Nc8 30. Nb6+ Nxb6 31. axb6 Qd7 32. bxa7 Rbc8
1/2-1/2